Taylor Swift - Paroles Ronan - Statistiques

Statistiques générales
  • Ce quiz a été pris 26 fois
  • Le résultat moyen est 253 sur 304
Statistiques - réponses
Hint Réponse % Correct
a
100%
an
100%
and
100%
And
100%
be
100%
Couplet 1 | Couplet 2 | Outro I
100%
we
100%
you
100%
You
100%
you?
100%
4
92%
away
92%
baby,
92%
bare
92%
best
92%
boy
92%
Refrain Come
92%
feet
92%
fly
92%
from
92%
gonna
92%
hallway
92%
here
92%
love
92%
me,
92%
me
92%
moon
92%
my
92%
on
92%
on,
92%
remember
92%
Remember
92%
the
92%
to
92%
We're
92%
were
92%
with
92%
years
92%
your
92%
About
83%
about
83%
anything
83%
back
83%
could
83%
died
83%
down
83%
eyes
83%
floor,
83%
Halloween,
83%
if
83%
in
83%
In
83%
it
83%
it's
83%
little
83%
moment
83%
one
83%
One
83%
what
83%
Bridge What
83%
when
83%
who
83%
beautiful
75%
blue
75%
can
75%
dinosaurs
75%
face
75%
feel
75%
hand,
75%
hand
75%
hold
75%
hospital
75%
just
75%
kissed
75%
kitchen
75%
knew
75%
Like
75%
like
75%
man
75%
plastic
75%
say
75%
still
75%
Then
75%
wanted
75%
was
75%
whispered
75%
army
67%
bedtime
67%
before
67%
cars
67%
club
67%
day
67%
disappear
67%
ear
67%
even
67%
fought
67%
getting
67%
grey,
67%
guy
67%
had
67%
hard
67%
into
67%
into?
67%
knows
67%
last
67%
laugh
67%
looking
67%
mine
67%
miracle
67%
no
67%
of
67%
Out
67%
room
67%
secret
67%
talk
67%
this
67%
through?
67%
Trying
67%
up
67%
waking
67%
way,
67%
Would
67%
closet
58%
curtained
58%
drive
58%
home
58%
I'm
58%
jumping
58%
leaned
58%
our
58%
own
58%
Race
58%
really
58%
screaming,
58%
see
58%
some
58%
thought
58%
us
58%
we'll
58%
"Why?"
58%
blind
50%
crying
50%
dancing
50%
grow
50%
hope
50%
standing
50%
Turned
50%
won't
50%
worst
50%
Flowers
42%
kept
42%
pile
42%
downs
33%
Aucun quiz correspondant
Distribution des résultats
% des personnes avec chaque résultat
Percentile par nombre de réponses
Votre historique - résultats
Vous n’avez pas pris ce quiz